| 000 | 00991nam a22002177a 4500 | ||
|---|---|---|---|
| 003 | OSt | ||
| 005 | 20250918162145.0 | ||
| 008 | 240401b ||||| |||| 00| 0 eng d | ||
| 040 | _c0 | ||
| 082 | _aDPer 621.381 In821 September 2022 v. 37 n. 9 | ||
| 100 |
_aLu, Geye. _eauthor. _955596 |
||
| 245 |
_aA novel online monitoring strategy for the localized grounding insulation defect of converter transformers based on converter switching states control / _cGeye Lu, Qinghao Zhang, Dayong Zheng, and Pinjia Zhang. |
||
| 260 |
_aNew York ; _bThe Institute of Electrical and Electronics Engineers, Inc. , _cSeptember 2022. |
||
| 300 |
_aVolume 37, pages 11124-11134 : _billustration ; _c28 cm. |
||
| 500 | _aIEEE Transitions on Power Electronics, v. 37 n. 9, pages 11124-11134, September 2022. | ||
| 700 |
_aLu, Geye. _eauthor. _955596 |
||
| 700 |
_aZhang, Qinghao. _eauthor. _955597 |
||
| 700 |
_aZheng, Dayong. _eauthor. _955598 |
||
| 700 |
_aZhang, Pinjia. _eauthor. _955599 |
||
| 942 |
_2ddc _cPER |
||
| 999 |
_c19913 _d19913 |
||